000
00298nam a2200109Ia 4500
008
200302s9999 xx 000 0 und d
100
_a
Edward De Bono
245
_a
A New Religion? H+ How to Live your Life Positively Through
260
_b
Vermilion United Kingdom
260
_c
2006
300
_a
93 P.,
999
_c
5889
_d
5889